Slovensko : (Record no. 20179)
[ view plain ]
| 000 -LEADER | |
|---|---|
| fixed length control field | 00671nam a2200217 4500 |
| 001 - CONTROL NUMBER | |
| control field | 20179 |
| 003 - CONTROL NUMBER IDENTIFIER | |
| control field | CZ PrNK |
| 005 - DATE AND TIME OF LATEST TRANSACTION | |
| control field | 20260119110120.0 |
| 007 - PHYSICAL DESCRIPTION FIXED FIELD--GENERAL INFORMATION | |
| fixed length control field | tu |
| 008 - FIXED-LENGTH DATA ELEMENTS--GENERAL INFORMATION | |
| fixed length control field | 931215s1980 xo a 0|0 0 slo |
| 040 ## - CATALOGING SOURCE | |
| Original cataloging agency | ABA001 |
| Language of cataloging | cze |
| Modifying agency | ABA001 |
| 080 ## - UNIVERSAL DECIMAL CLASSIFICATION NUMBER | |
| Universal Decimal Classification number | 908.437.6(084.1)=854 |
| Edition identifier | undef |
| 100 1# - MAIN ENTRY--PERSONAL NAME | |
| Personal name | Biel, Miloš |
| Relationship | com |
| 245 10 - TITLE STATEMENT | |
| Title | Slovensko : |
| Remainder of title | Naša hrdosť a láska / |
| Statement of responsibility, etc. | Zost. Miloš Biel |
| 260 ## - PUBLICATION, DISTRIBUTION, ETC. | |
| Place of publication, distribution, etc. | Martin : |
| Name of publisher, distributor, etc. | Matica slovenská, |
| Date of publication, distribution, etc. | 1980 |
| 300 ## - PHYSICAL DESCRIPTION | |
| Extent | 95 s. : |
| Other physical details | il. ; |
| Dimensions | 8° |
| 490 1# - SERIES STATEMENT | |
| Series statement | Metodika a propagácia. Sér. Metodické príručky a zborníky |
| 830 #0 - SERIES ADDED ENTRY--UNIFORM TITLE | |
| Uniform title | Metodika a propagácia. |
| Name of part/section of a work | Metodické príručky a zborníky |
| 910 ## - USER-OPTION DATA (OCLC) | |
| User-option data | ABA001 |
| 942 ## - ADDED ENTRY ELEMENTS (KOHA) | |
| Source of classification or shelving scheme | Dewey Decimal Classification |
| Koha item type | Odborná literatúra pre dospelých |
| Suppress in OPAC | No |
| Stav vyradenia | Strata | Poškodenie | Spôsob nadobudnutia | Domovská knižnica | Aktuálna knižnica | Dátum nadobudnutia | Total checkouts | Čiarový kód exemplára | Date last seen | Typ exemplára | Verejná poznámka |
|---|---|---|---|---|---|---|---|---|---|---|---|
| Dar | Obecná knižnica Horná Štubňa | Obecná knižnica Horná Štubňa | 19.01.2026 | 4736200205 | 19.01.2026 | Odborná literatúra pre dospelých | SLOVENSKO Kultúra Karol Rosenbaum |
